Name capitals of countries starting with a letter E - Statistics

General Stats
  • This quiz has been taken 21 times
  • The average score is 6 of 8
Answer Stats
Country Capital % Correct
Egypt Cairo
95%
Estonia Tallinn
95%
Ecuador Quito
90%
El Salvador San Salvador
90%
Ethiopia Addis Ababa
85%
East Timor Dili
75%
Eritrea Asmara
65%
Equatorial Guinea Malabo
30%
No matching quizzes found
Score Distribution
Percent of People with Each Score
Percentile by Number Answered
Your Score History
You have not taken this quiz